Gente de mi tiempo
Guardat en:
| Autor principal: | |
|---|---|
| Format: | Llibre |
| Idioma: | espanyol |
| Publicat: |
Santiago
Nascimento
1900
|
| Matèries: | |
| Etiquetes: |
Afegir etiqueta
Sense etiquetes, Sigues el primer a etiquetar aquest registre!
|
MARC
| LEADER | 00000nam a2200000 a 4500 | ||
|---|---|---|---|
| 001 | UCZ5820 | ||
| 003 | CL-VaPUC | ||
| 008 | 951124e19000000CL |||||||||||||||||spa|d | ||
| 082 | 0 | 4 | |a Ch863 |b DUR |2 21 |
| 100 | 0 | |a Durand, Luis |e author |9 350006 | |
| 245 | 1 | 0 | |a Gente de mi tiempo |
| 300 | |a 227 p | ||
| 942 | |c BK | ||
| 945 | |d 19951124 00:00:00 |a lriquelm | ||
| 260 | |a Santiago |b Nascimento |c 1900 | ||
| 650 | 0 | |a Literatura chilena |9 308278 | |
| 650 | 0 | |a Novelas chilenas |9 265425 | |
| 650 | 0 | |a Costumbres y tradiciones |9 268292 | |
| 583 | |a last modification |c 20130411 10:31:46 |k Rodrigo Vera | ||
| 999 | |c 242108 |d 242106 | ||
| 952 | |0 0 |1 0 |4 0 |6 CH_863_000000000000000_DUR_1900 |7 0 |8 P |9 254838 |a BIBEDU |b BIBEDU |c BIBEDU_PB |d 2019-11-19 |i 1577557 |o Ch863 DUR 1900 |p 1577557 |r 2024-01-25 |w 2019-11-19 |y BK |k FIL | ||